[Event "IND-ch U11 30th"]
[Site "India"]
[Date "2016.06.28"]
[Round "1"]
[White "Harroop, Chhabda"]
[Black "Mullick, Raahil"]
[Result "0-1"]
[WhiteElo "1217"]
[BlackElo "1800"]
[PlyCount "120"]
[EventDate "2016.06.28"]
[EventType "swiss"]
[EventRounds "11"]
[EventCountry "IND"]
[SourceTitle "CBM 173 Extra"]
[Source "ChessBase"]
[SourceDate "2016.08.29"]
[SourceVersion "1"]
[SourceVersionDate "2016.08.29"]
[SourceQuality "1"]

1. e4 e5 2. Nf3 Nc6 3. Nc3 Nf6 4. d4 exd4 5. Nxd4 Bb4 6. Nxc6 bxc6 7. Bd3 0-0 8. 0-0 Re8 9. Re1 d6 10. Bd2 c5 11. Nd5 Bxd2 12. Qxd2 Bb7 13. Nc3 Bc6 14. h3 Qb8 15. b3 Qb7 16. Qf4 Qb4 17. Qd2 Re7 18. Re2 Rae8 19. Rae1 h6 20. a4 Kf8 21. f3 Qd4+ 22. Kh1 Nh5 23. Kh2 Qe5+ 24. Kg1 Nf4 25. Rf2 Nxd3 26. cxd3 f5 27. a5 Rb8 28. Qc2 Qe6 29. Rff1 Qxb3 30. Qxb3 Rxb3 31. Ne2 fxe4 32. fxe4+ Ke8 33. Nf4 g5 34. Ng6 Rf7 35. e5 Rxf1+ 36. Kxf1 Kf7 37. Nh8+ Kg7 38. e6 Kxh8 39. e7 Be8 40. Ke2 Kg7 41. g4 Rb8 42. Kd2 Bd7 43. Kc3 Re8 44. Kc4 Kf7 45. Kd5 Rxe7 46. Rxe7+ Kxe7 47. Ke4 Ke6 48. Kf3 Ke5 49. Ke3 d5 50. Kf3 d4 51. Kg3 Kd5 52. Kf3 c4 53. dxc4+ Kxc4 54. Ke2 d3+ 55. Kd2 Kd4 56. Ke1 Ke3 57. a6 d2+ 58. Kf1 Kf3 59. Kg1 Kg3 60. Kf1 d1Q# 0-1